Main Series Ace Attorney Games - Statistics

General Stats
  • This quiz has been taken 47 times
  • The average score is 6 of 6
Answer Stats
Release Year Ace Attorney Game % Correct
2007 Apollo Justice: Ace Attorney
100%
2001 Phoenix Wright: Ace Attorney
98%
2002 Phoenix Wright: Ace Attorney- Justice For All
98%
2016 Phoenix Wright: Ace Attorney- Spirit Of Justice
95%
2004 Phoenix Wright: Ace Attorney- Trials And Tribulations
95%
2013 Phoenix Wright: Ace Attorney- Dual Destinies
93%
No matching quizzes found
Score Distribution
Percent of People with Each Score
Percentile by Number Answered
Your Score History
You have not taken this quiz